Zvýšenie príležitostí využitia biomasy v podmienkach slovenského trhu prostredníctvom zlepšenej komunikačnej siete a kooperácie medzi jednotlivými kompetentnými subjektami

Charakteristika biomasy. Informovanosť o obnoviteľných zdrojoch energie. Východiská riešenia informovanosti a kooperácie jednotlivých začlenených subjektov.

Gespeichert in:
Bibliographische Detailangaben
1. Verfasser: Žiaran, Pavel
Weitere Verfasser: Pčolinská, Lenka, Jurková, Jana
Format: Buchkapitel
Sprache:Slowakisch
Schlagworte:
Tags: Tag hinzufügen
Keine Tags, Fügen Sie das erste Tag hinzu!

MARC

LEADER 00000naa$a2200000$$$4500
001 0083342
005 20240502071934.1
041 0 |a slo 
044 |a SK 
245 1 0 |a Zvýšenie príležitostí využitia biomasy v podmienkach slovenského trhu prostredníctvom zlepšenej komunikačnej siete a kooperácie medzi jednotlivými kompetentnými subjektami  |c Pavel Žiaran, Lenka Pčolinská, Jana Jurková 
520 |a Charakteristika biomasy. Informovanosť o obnoviteľných zdrojoch energie. Východiská riešenia informovanosti a kooperácie jednotlivých začlenených subjektov. 
610 2 0 |a zdroje energetické 
610 2 0 |a zdroje energie obnoviteľné 
610 2 0 |a prostredie životné 
610 2 0 |a emisie 
610 2 0 |a financovanie 
610 2 0 |a biomasa 
100 1 |a Žiaran, Pavel 
700 1 |a Pčolinská, Lenka 
700 1 |a Jurková, Jana